pesma balaševića - Statistics

General Stats
  • This quiz has been taken 17 times
  • The average score is 5 of 7
Answers on the Grid
Answers color-coded by a green-red scale on the quiz's grid according to % correct below.
slabo divanim madzarski
atlas
d-moll
sve je dobro, kad se dobro svrši
reno 4
Darja
Ankica
Mala
nisam bio ja za nju
sa druge strane jastuka
uspavanka za dečaka
don francisko long play
 
Answer Stats
Answer % Correct
slabo divanim madzarski
100%
d-moll
89%
nisam bio ja za nju
78%
sve je dobro, kad se dobro svrši
78%
uspavanka za dečaka
78%
Ankica
67%
don francisko long play
44%
No matching quizzes found
Score Distribution
Percent of People with Each Score
Percentile by Number Answered
Your Score History
You have not taken this quiz